Critical history of western philosophy (H) (Record no. 9379)

MARC details
000 -LEADER
fixed length control field 00550cam a2200205ua 4500
008 - FIXED-LENGTH DATA ELEMENTS--GENERAL INFORMATION
fixed length control field 181110n ii |||gr||||Z||||||hin
020 ## - INTERNATIONAL STANDARD BOOK NUMBER
International Standard Book Number 9788120824706
040 ## - CATALOGING SOURCE
Transcribing agency MAIN
041 ## - LANGUAGE CODE
-- hin
082 ## - DEWEY DECIMAL CLASSIFICATION NUMBER
Classification number 190
100 ## - MAIN ENTRY--PERSONAL NAME
Personal name Maseeh, Ya,
Relator term
245 ## - TITLE STATEMENT
Title Critical history of western philosophy (H)
Statement of responsibility, etc. By Ya Maseeh
250 ## - EDITION STATEMENT
Edition statement 5th rev. & enl. ed.
260 ## - PUBLICATION, DISTRIBUTION, ETC.
Place of publication, distribution, etc. Delhi:
Name of publisher, distributor, etc. Motilal Benarasidas,
Date of publication, distribution, etc. 1994.
300 ## - PHYSICAL DESCRIPTION
Extent 426p.
942 ## - ADDED ENTRY ELEMENTS (KOHA)
Koha item type Books
653 ## - INDEX TERM--UNCONTROLLED
Uncontrolled term Modern western philosophy
653 ## - INDEX TERM--UNCONTROLLED
Uncontrolled term Pachatya darshan ka samikhyatmak itihas
Holdings
Withdrawn status Lost status Damaged status Not for loan Home library Current library Shelving location Date acquired Total Checkouts Full call number Barcode Date last seen Copy number Price effective from Koha item type
        Central Library, Naharkatiya College Central Library, Naharkatiya College General Stacks 19/09/2020   190 | MAS 24030 19/09/2020 1 19/09/2020 Books

Naharkatiya College © 2020. All rights reserved.

Powered By